000 00371nam a2200145Ia 4500
008 230917s9999||||xx |||||||||||||| ||und||
040 _e50104
_aMAIN
041 _aEnglish
082 _a320.954 N194I
100 _aNath, B
245 0 _aIssues and personalities in seventh election
260 _aNew Delhi
_bVerma Brothers
_c1979
300 _aiv, 186 p.
942 _cBK
999 _c205906
_d205906